[Event "interzonal"]
[Site "Biel SUI"]
[Date "1993.??.??"]
[Round "13"]
[White "Rogers, Ian"]
[Black "Agdestein, Simen"]
[Result "1/2-1/2"]
[WhiteElo "2595"]
[BlackElo "2610"]
[EventDate "1993.07.15"]
[PlyCount "136"]

1.e4 c5 2.Nf3 Nc6 3.Bb5 g6 4.O-O Bg7 5.c3 Nf6 6.Qe2 O-O 7.e5 Ne8 8.d4 cxd4
9.cxd4 Nc7 10.Ba4 d6 11.Rd1 Bg4 12.h3 Bxf3 13.Qxf3 dxe5 14.dxe5 Qc8 15.
Bxc6 bxc6 16.Qxc6 Bxe5 17.Nc3 Ne6 18.Nd5 Re8 19.Qxc8 Raxc8 20.Be3 Bxb2 21.
Rab1 Ba3 22.Bxa7 Rc2 23.Rb3 Bd6 24.a3 Ra8 25.Be3 Rxa3 26.Rb7 Kf8 27.Nf6 
exf6 28.Rxd6 Rac3 29.Bb6 Rb3 30.Rxe6 fxe6 31.Bc5+ Rxc5 32.Rxb3 g5 33.Rb4 
h5 34.h4 g4 35.Rb7 Kg8 36.g3 Rc8 37.Kf1 Rc2 38.Ke1 e5 39.Re7 Ra2 40.Kf1 
Rb2 41.Ra7 Rc2 42.Re7 Rc8 43.Ke2 Rf8 44.Ke3 Rf7 45.Re8+ Rf8 46.Re7 Rf7 47.
Re8+ Kg7 48.Ke4 Ra7 49.Kf5 Ra2 50.Re7+ Kf8 51.Kxf6 Rxf2+ 52.Ke6 e4 53.Rh7 
e3 54.Rxh5 e2 55.Re5 Kg7 56.Re3 Kg6 57.Ke5 Kh5 58.Kd4 Rg2 59.Re5+ Kh6 60.
Kd3 Rxg3+ 61.Kxe2 Rg2+ 62.Kf1 Rh2 63.Kg1 Rxh4 64.Kg2 Rh5 65.Re8 Kg5 66.
Rg8+ Kf4 67.Rf8+ Rf5 68.Ra8 Rb5 1/2-1/2

[Event "interzonal"]
[Site "Biel SUI"]
[Date "1993.??.??"]
[Round "13"]
[White "Lputian, Smbat"]
[Black "Hjartarson, Johann"]
[Result "1-0"]
[WhiteElo "2565"]
[BlackElo "2605"]
[EventDate "1993.07.15"]
[PlyCount "51"]

1.d4 Nf6 2.c4 e6 3.Nf3 b6 4.a3 Bb7 5.Nc3 d5 6.Qc2 Be7 7.cxd5 Nxd5 8.Bd2 
O-O 9.e4 Nxc3 10.Bxc3 Nd7 11.O-O-O Qc8 12.h4 Rd8 13.d5 Nf8 14.Rh3 exd5 15.
Rg3 g6 16.h5 dxe4 17.Bc4 Qf5 18.Ne5 Rxd1+ 19.Qxd1 Ne6 20.hxg6 hxg6 21.Bxe6
Bg5+ 22.Rxg5 Qxg5+ 23.Kb1 fxe6 24.Qd7 Rf8 25.Ng4 e5 26.Bxe5 1-0

[Event "interzonal"]
[Site "Biel SUI"]
[Date "1993.??.??"]
[Round "13"]
[White "Akopian, Vladimir"]
[Black "Spasov, Vasil"]
[Result "1/2-1/2"]
[WhiteElo "2600"]
[BlackElo "2540"]
[EventDate "1993.07.15"]
[PlyCount "51"]

1.d4 Nf6 2.c4 g6 3.g3 Bg7 4.Bg2 O-O 5.Nc3 d6 6.Nf3 Nbd7 7.O-O e5 8.h3 exd4
9.Nxd4 Nc5 10.e4 Re8 11.Re1 Bd7 12.Rb1 h6 13.b3 a6 14.Bb2 Rb8 15.Qc2 b5 
16.b4 Ne6 17.Nxe6 Bxe6 18.Nd5 c6 19.Nxf6+ Bxf6 20.c5 Bxb2 21.Rxb2 dxc5 22.
Qxc5 a5 23.a3 axb4 24.axb4 Qb6 25.Qc1 h5 26.Rd2 1/2-1/2

[Event "interzonal"]
[Site "Biel SUI"]
[Date "1993.??.??"]
[Round "13"]
[White "Kozul, Zdenko"]
[Black "Sherzer, Alex"]
[Result "1-0"]
[WhiteElo "2595"]
[BlackElo "2500"]
[EventDate "1993.07.15"]
[PlyCount "71"]

1.d4 Nf6 2.Nf3 g6 3.c4 Bg7 4.Nc3 O-O 5.e4 d6 6.Be2 e5 7.O-O Nc6 8.d5 Ne7 
9.Ne1 Nd7 10.Be3 f5 11.f3 f4 12.Bf2 g5 13.a4 Ng6 14.a5 h5 15.Nb5 Nf6 16.
Nxa7 g4 17.Nxc8 g3 18.hxg3 fxg3 19.Bxg3 h4 20.Bh2 Qxc8 21.Nd3 Bh6 22.f4 
Nxe4 23.Bg4 Qd8 24.Be6+ Kg7 25.Qg4 exf4 26.Bxf4 Bxf4 27.Rxf4 Rxf4 28.Nxf4 
Qg5 29.Nh5+ Kh6 30.Qxe4 Qxh5 31.Bf7 h3 32.Ra3 Kg7 33.Bxg6 Qxg6 34.Qe7+ Kg8
35.Rxh3 Rxa5 36.Qd8+ 1-0

[Event "interzonal"]
[Site "Biel SUI"]
[Date "1993.??.??"]
[Round "13"]
[White "Brunner, Lucas"]
[Black "Hellers, Ferdinand"]
[Result "1/2-1/2"]
[WhiteElo "2475"]
[BlackElo "2560"]
[EventDate "1993.07.15"]
[PlyCount "44"]

1.d4 Nf6 2.Nf3 g6 3.c4 Bg7 4.g3 d5 5.cxd5 Nxd5 6.Bg2 Nb6 7.O-O Nc6 8.e3 e5
9.Nc3 exd4 10.exd4 O-O 11.Bg5 Qd7 12.Re1 h6 13.Be3 Rd8 14.Qe2 Qe7 15.Rad1 
Be6 16.Ne5 Nxe5 17.dxe5 Rxd1 18.Rxd1 Nc4 19.Bxb7 Rb8 20.Nd5 Bxd5 21.Bxd5 
Nxe3 22.Qxe3 Qxe5 1/2-1/2